000 003240000a22001450004500
003 MACL
040 _aMACL
090 _c6729
_d6728
100 _aChaodhuri, Narayan
245 _aThat Compassionate Touch of Ma Anandamayee
260 _bMotilal Banarsidass
_c1980
350 _a60
650 _aReligion
942 _cBOOK
_k294
999 _c6681
_d6681